Microelectronics circuits: theory and applications / (Record no. 164881)
[ view plain ]
| 000 -LEADER | |
|---|---|
| fixed length control field | 00869nam a22002297a 4500 |
| 005 - DATE AND TIME OF LATEST TRANSACTION | |
| control field | 20190802123150.0 |
| 010 ## - LCCN (DPL NO) | |
| LC control number | B-728342 |
| 020 ## - INTERNATIONAL STANDARD BOOK NUMBER | |
| International Standard Book Number | 9780199476299 |
| Terms of availability | 850.00 |
| 035 ## - SYSTEM CONTROL NUMBER | |
| System control number | B-728342 |
| 037 ## - SOURCE OF ACQUISITION | |
| Source of stock number/acquisition | RK Books |
| 082 ## - DEWEY DECIMAL CLASSIFICATION NUMBER | |
| Classification number | 621.3815 |
| 100 ## - MAIN ENTRY--PERSONAL NAME | |
| Personal name | Sedra, Adel S. |
| 245 ## - TITLE STATEMENT | |
| Title | Microelectronics circuits: theory and applications / |
| Statement of responsibility, etc | by Adel S. Sedra [and] Kenneth C. Smith |
| 250 ## - EDITION STATEMENT | |
| Edition statement | 7th ed |
| 260 ## - PUBLICATION, DISTRIBUTION, ETC. (IMPRINT) | |
| Place of publication, distribution, etc | New Delhi |
| Name of publisher, distributor, etc | Oxford University Press |
| Date of publication, distribution, etc | 2018 |
| 270 ## - ADDRESS | |
| Address | Ground Floor, 2/11, Ansari Road, Daryaganj |
| City | New Delhi |
| Postal code | 110002 |
| 300 x# - PHYSICAL DESCRIPTION | |
| Extent | xxiii.1297p: |
| Dimensions | 24cm(pbk) |
| Other physical details | ill. |
| 500 ## - GENERAL NOTE | |
| General note | includes appendices and index |
| 700 ## - ADDED ENTRY--PERSONAL NAME | |
| Personal name | Smith, Kenneth C. |
| 942 ## - ADDED ENTRY ELEMENTS (KOHA) | |
| Source of classification or shelving scheme | Dewey Decimal Classification |
| Item type | English Books |
| Classification part | 621.3815 |
| Call number suffix | SED |
| Withdrawn status | Lost status | Not for loan | Collection code | Home library | Current library | Date acquired | Source of acquisition | Cost, normal purchase price | Full call number | Barcode | Copy number | Cost, replacement price | Koha item type |
|---|---|---|---|---|---|---|---|---|---|---|---|---|---|
| Non-fiction | Vinoba Puri | Vinoba Puri | 29/05/2019 | RK Books/IN393/2019-20/24-05-19/05/20-05-19/28-05-19 | 850.00 | 621.3815 SED | B-728342 | 1 | 850.00 | English Books |
